000 00313nam a2200133Ia 4500
005 20251222144635.0
008 251222s9999||||xx |||||||||||||| ||spa||
020 _a84-08-05468-6
082 _a868.691/I71
100 _aIrigoyen, Ramón
245 0 _aLas Anécdotas de Grecia
264 _bPlaneta
942 _cLIB
999 _c16449
_d16449